000 00427nam a2200157 a 4500
005 20140310183147.0
008 020826s19uu xx 00 eng d
050 _aPZ 7
_b.H674 1970
100 _aHitchcock, Alfred
245 _aHapiness is a warm corpse /
_cAlfred Hitchcock.
260 _aUSA :
_bH.S.D. Publications Inc.,
_c1970.
300 _a205 p. :
_c48 cm.
650 _aFiction
942 _cBK
_2lcc
999 _c19576
_d19576